Tarea investigadora del Instituto Provincial de Bioquímica Clínica
Publicado:
San Jorge, núm. 78 (2n trimestre 1970), pàg 115 :
Materias:
Institut de Bioquímica Clínica
MARC
| LEADER | 00000nam a2200000Ia 4500 | ||
|---|---|---|---|
| 001 | |||
| 008 | 160829s9999 xx 000 0 cat d | ||
| 245 | |a Tarea investigadora del Instituto Provincial de Bioquímica Clínica | ||
| 260 | |a San Jorge, núm. 78 (2n trimestre 1970), pàg 115 | ||
| 610 | 2 | 0 | |a Institut de Bioquímica Clínica |9 56425 |
| 901 | |a Arxiu | ||
| 942 | |n 1 | ||
| 952 | |0 0 |1 0 |4 0 |7 1 |9 49761 |a Arxiu |b Arxiu |d 2016-12-01 |l 0 |r 2016-12-01 00:00:00 |w 2016-12-01 |y ARXIU | ||
| 999 | |c 53603 |d 53603 | ||